मन का पंछी / (Record no. 32518)

MARC details
000 -LEADER
fixed length control field 02791nam a22002897a 4500
005 - DATE AND TIME OF LATEST TRANSACTION
control field 2009121104314.0
020 ## - INTERNATIONAL STANDARD BOOK NUMBER
International Standard Book Number 9788123755083
Terms of availability 15.00
035 ## - SYSTEM CONTROL NUMBER
System control number B-375251-257
037 ## - SOURCE OF ACQUISITION
Source of stock number/acquisition तरूण बुक्स/ VEN
082 ## - DEWEY DECIMAL CLASSIFICATION NUMBER
Classification number
100 ## - MAIN ENTRY--PERSONAL NAME
Personal name चक्रवर्ती, बिमलेन्द्र
245 ## - TITLE STATEMENT
Title मन का पंछी /
Statement of responsibility, etc बिमलेन्द्र चक्रवर्ती; कमाल अहमद द्वारा अनुदित
260 ## - PUBLICATION, DISTRIBUTION, ETC. (IMPRINT)
Place of publication, distribution, etc नई दिल्ली
Name of publisher, distributor, etc नेशनल बुक ट्रस्ट
Date of publication, distribution, etc 2009
270 ## - ADDRESS
Address नेहरू भवन, 5 इंस्टीट्यूशनल एरिया, फेज-11, वसंत कुंज
City नई दिल्ली
Postal code 110070
300 ## - PHYSICAL DESCRIPTION
Extent वि.पृ
Dimensions 18सेमी (अजिल्द)
Other physical details सचित्र
490 ## - SERIES STATEMENT
Series statement नेहरू बाल पुस्तकालय
-- 17324
700 ## - ADDED ENTRY--PERSONAL NAME
Personal name कमाल अहमद
9 (RLIN) 17325
942 ## - ADDED ENTRY ELEMENTS (KOHA)
Source of classification or shelving scheme Dewey Decimal Classification
Item type Children Books
Classification part
Call number suffix चक्रव
Holdings
Withdrawn status Lost status Not for loan Collection code Home library Current library Date acquired Source of acquisition Cost, normal purchase price Full call number Barcode Copy number Cost, replacement price Koha item type
Withdrawn     Fiction Andrews Gunj Andrews Gunj 27/08/2010 तरूण बुक्स/2011/29.01.10/283/16.01.10/15.02.10 15.00 क चक्रव B-375255 1 15.00 Children Books
      Fiction Janak Puri Janak Puri 27/08/2010 तरूण बुक्स/2011/29.01.10/283/16.01.10/15.02.10 15.00 क चक्रव B-375252 1 15.00 Children Books
  Written-off vide DLB M. No. 383 dt 16.05.19   Fiction Patel Nagar Patel Nagar 27/08/2010 तरूण बुक्स/2011/29.01.10/283/16.01.10/15.02.10 15.00 क चक्रव B-375251 1 15.00 Children Books
      Fiction R.K.Puram-8 R.K.Puram-8 27/08/2010 तरूण बुक्स/2011/29.01.10/283/16.01.10/15.02.10 15.00 क चक्रव B-375254 1 15.00 Children Books
      Fiction Sarojini Nagar Sarojini Nagar 27/08/2010 तरूण बुक्स/2011/29.01.10/283/16.01.10/15.02.10 15.00 क चक्रव B-375253 1 15.00 Children Books
      Fiction Sriniwas Puri Sriniwas Puri 27/08/2010 तरूण बुक्स/2011/29.01.10/283/16.01.10/15.02.10 15.00 क चक्रव B-375256 1 15.00 Children Books
      Fiction Vinoba Puri Vinoba Puri 27/08/2010 तरूण बुक्स/2011/29.01.10/283/16.01.10/15.02.10 15.00 क चक्रव B-375257 1 15.00 Children Books

© Delhi Public Library
Hit Counter
free hit counter